00736nam a22001937a 4500003000900000008004100009020001800050040007100068082001500139100002900154245008000183260006500263300002900328505011500357650001400472650001300486650001300499650003000512AR-CdUCM190606b ||||| |||| 00| 0 spa d a968-816-030-X aMUNICIPALIDAD PROVINCIAL DEL CUSCOcBIBLIOTECA MUNICIPAL DEL CUSCO a972 /bG69 aGonzález-Polo, Ignacio aReflexiones y apuntes sobre la ciudad de México :bFines de la colonia /  aMéxico, D.F : bDepartamento del Distrito Federal, c1984. a155 páginas ; c21 cm. aContenido: Abasto de carnes de toro y carnero -- Ganado de cerda -- Practica de desangrar y degollar ganado... aUrbanismo aMéxico aHistoria aEpoca Colonial, 1540-1810